[Event "AUTO-OPEN-1698"]
[Site "http://www.queenalice.com/game.php?id=655849"]
[Date "2009.9.21"]
[Round "1"]
[White "spectro"]
[Black "paulouk"]
[Result "0-1"]
[WhiteElo "1791"]
[BlackElo "1412"]

1. e4 d6 2. d4 h6 3. h3 a6 4. d5 c6 5. Bc4 b5 6. Be2 cxd5 7. Qxd5 Ra7 8. Be3 Nf6
9. Qd4 Nc6 10. Qb6 Rc7 11. Qxa6 Bxa6 12. a4 Nb4 13. Bd1 Nxe4 14. Bb6 Qc8 15. Bg4
Nxc2+ 16. Kd1 e6 17. Bxc7 Qxc7 18. Ra2 Qc4 19. b3 Qxb3 20. Rxc2 Qxb1+ 21. Rc1
Qd3+ 22. Ke1 Qd2+ 23. Kf1 Qxf2# 0-1

[Event "AUTO-OPEN-1698"]
[Site "http://www.queenalice.com/game.php?id=655850"]
[Date "2009.9.21"]
[Round "1"]
[White "paulouk"]
[Black "spectro"]
[Result "1-0"]
[WhiteElo "1442"]
[BlackElo "1770"]

1. e4 e5 2. Nf3 d6 3. h3 h6 4. d4 a6 5. dxe5 dxe5 6. Be2 g5 7. Nxe5 Bd6 8. Ng4
h5 9. Ne3 Bc5 10. a3 b5 11. b4 Bd4 12. c3 Bxe3 13. Bxe3 c6 14. Bc5 Nd7 15. Qd4
Ngf6 16. e5 Rh6 17. exf6 Rxf6 18. O-O Qe7 19. Bxe7 Kxe7 20. Re1 Re6 21. Nd2 Bb7
22. Bxh5 Nf6 23. Qc5+ Kd7 24. Bxf7 Rd6 25. Qb6 Rb8 26. Qa7 Kc7 27. Re2 Ra8 28.
Re7+ Nd7 29. Ne4 Rxa7 30. Nc5 Bc8 31. Ne4 Rd3 32. Nxg5 Kb6 33. c4 bxc4 34. Bxc4
Rd6 35. f4 Rb7 36. Nf7 Rd4 37. Rc1 c5 38. bxc5+ Kxc5 39. Bxa6+ Kb6 40. Bxb7 Kxb7
41. f5 Kb8 42. Re8 Nb6 43. f6 Rd7 44. Ne5 Rd6 45. f7 Nd7 46. Rexc8+ Ka7 47. Nxd7
Rxd7 48. f8=Q Rb7 49. R1c6 Rb8 50. Qc5+ Kb7 51. Qb6+ Ka8 52. Qxb8# 1-0

[Event "AUTO-OPEN-1698"]
[Site "http://www.queenalice.com/game.php?id=655851"]
[Date "2009.9.21"]
[Round "1"]
[White "spectro"]
[Black "zolaweed"]
[Result "0-1"]
[WhiteElo "1786"]
[BlackElo "1998"]

1. e3 d5 2. d4 a6 3. c4 Nf6 4. g3 e6 5. c5 c6 6. Nc3 Nbd7 7. Nf3 Be7 8. Bd3 Qc7
9. Bd2 b5 10. e4 b4 11. Na4 a5 12. h3 dxe4 13. Bxe4 Nxe4 14. Bf4 Qb7 15. Rb1 Qb5
16. Rc1 Ba6 17. b3 O-O 18. Ne5 Nxe5 19. Bxe5 f6 20. Nb6 Nc3 21. a4 Qd3 22. Nxa8
Nxd1 23. Rxd1 Qe2# 0-1

[Event "AUTO-OPEN-1698"]
[Site "http://www.queenalice.com/game.php?id=655852"]
[Date "2009.9.21"]
[Round "1"]
[White "zolaweed"]
[Black "spectro"]
[Result "1-0"]
[WhiteElo "1997"]
[BlackElo "1761"]

1. e4 e5 2. Nf3 Nc6 3. Bc4 Nf6 4. d3 Bc5 5. c3 a6 6. O-O d6 7. b4 Ng4 8. bxc5
dxc5 9. Ng5 f6 10. Nf7 Qe7 11. Nxh8 Be6 12. Bb3 O-O-O 13. h3 f5 14. Bxe6+ Qxe6
15. exf5 Qxf5 16. hxg4 Qf8 17. Bg5 Rd7 18. Na3 Qxh8 19. Qf3 h6 20. Bh4 g5 21.
Bg3 Qg7 22. Rad1 Rf7 23. Qe4 Re7 24. Nc4 Re6 25. Rb1 b5 26. Ne3 Rd6 27. Nf5 Qd7
28. Nxd6+ cxd6 29. Rb2 Qe8 30. Rfb1 Kc7 31. a4 Na7 32. d4 cxd4 33. cxd4 Qd7 34.
Rc1+ Kb6 35. dxe5 d5 36. Qd4+ Ka5 37. axb5 Qxb5 38. Ra1+ 1-0

[Event "AUTO-OPEN-1698"]
[Site "http://www.queenalice.com/game.php?id=655853"]
[Date "2009.9.21"]
[Round "1"]
[White "spectro"]
[Black "califkid"]
[Result "0-1"]
[WhiteElo "1754"]
[BlackElo "1836"]

1. e3 e5 2. Bc4 d5 3. Bb5+ c6 4. Be2 Nf6 5. d4 e4 6. a3 g6 7. h3 Bg7 8. Nc3 b6
9. b4 Be6 10. g4 O-O 11. Qd2 Ne8 12. f4 exf3 13. Bxf3 Qh4+ 14. Qf2 Qd8 15. e4
Nc7 16. Bf4 dxe4 17. Bxe4 Qxd4 18. Bd2 Qc4 19. Nge2 Bc8 20. Bd3 Qe6 21. O-O Nd5
22. Rfe1 Qd6 23. Be4 Ba6 24. Bf4 Nxf4 25. Rad1 Nxe2+ 26. Kh1 Ng3+ 27. Kg2 Qc7
28. Qxg3 Qxg3+ 29. Kxg3 Bxc3 30. Re3 Bg7 31. Bf3 Bh6 32. Ree1 Bb5 33. Rd4 Bg7
34. Rde4 Nd7 35. c4 Ba4 36. b5 c5 37. Re7 Rad8 38. Bc6 Bc3 39. R1e3 Bd4 40. Rf3
Ne5 41. Rf6 Nxc4 42. Bd7 Bxf6 43. Rxf7 Rxf7 44. Be6 Nxa3 45. Bxf7+ Kxf7 46. h4
Rd3+ 47. Kf4 Bxh4 48. g5 Rd4+ 49. Ke5 Bg3# 0-1

[Event "AUTO-OPEN-1698"]
[Site "http://www.queenalice.com/game.php?id=655854"]
[Date "2009.9.21"]
[Round "1"]
[White "califkid"]
[Black "spectro"]
[Result "1-0"]
[WhiteElo "1800"]
[BlackElo "1798"]

1. d4 d5 2. c4 dxc4 3. Nf3 c6 4. Nc3 b5 5. e4 Bg4 6. Be2 Na6 7. a3 f5 8. Ne5
Bxe2 9. Qxe2 Qxd4 10. exf5 Nf6 11. O-O h5 12. Nxc6 Qd6 13. Qf3 Ng4 14. Bf4 Qf6
15. Rfe1 Nc5 16. Nxe7 Bxe7 17. Qxa8+ Kf7 18. Qd5+ Kf8 19. Rxe7 Kxe7 20. Re1+ Kf8
21. Bd6+ Qe7 22. Bxe7+ Ke8 23. Bxc5+ 1-0

[Event "Challenge"]
[Site "http://www.queenalice.com/game.php?id=656572"]
[Date "2009.9.23"]
[Round "-"]
[White "khran"]
[Black "spectro"]
[Result "0-1"]
[WhiteElo "1870"]
[BlackElo "1779"]

1. d4 d5 2. Nf3 h6 3. g3 g5 4. Bg2 Bg7 5. O-O g4 6. Ne5 h5 7. c4 dxc4 8. Qa4+ c6
9. Qxc4 Be6 10. Qc2 Qxd4 11. Bf4 Bxe5 12. Bxe5 Qxe5 13. Nc3 Nf6 0-1

[Event "Challenge"]
[Site "http://www.queenalice.com/game.php?id=657789"]
[Date "2009.9.25"]
[Round "-"]
[White "AlmeidaChess"]
[Black "spectro"]
[Result "1-0"]
[WhiteElo "1760"]
[BlackElo "1741"]

1. e4 e5 2. Nf3 d6 3. d4 Bg4 4. Be2 Bxf3 5. Bxf3 h6 6. d5 Na6 7. Be3 c5 8. c4 g5
9. h4 Be7 10. hxg5 Bxg5 11. Qd2 Nb4 12. Bxg5 hxg5 13. Rxh8 Qa5 14. Rxg8+ Kd7 15.
Rxa8 Nd3+ 16. Kf1 Qxd2 17. Nxd2 a6 18. Rb1 Kc7 19. a3 f6 20. Bg4 b6 21. Rxa6 Kb7
22. Ra4 Nf4 23. b4 Nd3 24. bxc5 Nxc5 25. Rab4 f5 26. Rxb6+ Kc7 27. Bxf5 Na4 28.
Rb7+ Kd8 29. Rg7 1-0

[Event "Challenge"]
[Site "http://www.queenalice.com/game.php?id=659794"]
[Date "2009.9.28"]
[Round "-"]
[White "talisman77"]
[Black "spectro"]
[Result "1-0"]
[WhiteElo "1733"]
[BlackElo "1741"]

1. d4 d5 2. c4 Bf5 3. Nc3 dxc4 4. e3 Be6 5. Nf3 Bg4 6. Bxc4 Bxf3 7. Qxf3 e6 8.
Qxb7 Nd7 9. Nb5 Bd6 10. Bd2 a6 11. Nc3 Ne7 12. b3 O-O 13. O-O c6 14. Ne4 Nf5 15.
Qxc6 Qe7 16. Bxa6 Qh4 17. g3 Qe7 18. Nxd6 Qf6 19. Bb4 Nxd6 20. Bxd6 Rfd8 21. Bc7
Ra7 22. Bxd8 Qxd8 23. Bd3 Nb8 24. Qe4 g6 25. Rfc1 f5 26. Qxe6+ Kg7 27. Qe5+ Kf7
28. Qc5 Nd7 29. Qxa7 Kg7 30. Rc7 Kh6 31. Rxd7 Qf8 32. Rxh7+ Kg5 33. h4+ Kg4 34.
Be2+ Kh3 35. Qb7 1-0

[Event "Challenge"]
[Site "http://www.queenalice.com/game.php?id=663313"]
[Date "2009.10.5"]
[Round "-"]
[White "CSilva"]
[Black "spectro"]
[Result "0-1"]
[WhiteElo "1767"]
[BlackElo "1749"]

1. e4 e5 2. Nf3 d6 3. d4 Bg4 4. dxe5 Bxf3 5. Qxf3 dxe5 6. Bc4 Qf6 7. Qb3 b6 8.
O-O Ne7 9. Nd2 a6 10. Nf3 h6 11. Be3 b5 12. Be2 c6 13. Rad1 Nd7 14. c4 Ng6 15.
cxb5 cxb5 16. Rd3 Bc5 17. Qd5 Rd8 18. Bxc5 Nf4 19. Qd6 Nxd3 20. Qxf6 gxf6 21.
Bxd3 Nxc5 22. Bc2 Kd7 23. b4 Ne6 24. Nh4 Rhg8 25. Nf5 Rg6 26. Rd1+ Ke8 27. Rxd8+
Kxd8 28. Bb3 Nf4 29. g3 Ke8 30. Nd6+ Kf8 31. Nxf7 Ne2+ 32. Kf1 Nd4 33. Nd6 Nc6
34. a3 Nd4 35. Bd1 Rg7 36. Kg2 Rd7 37. Nf5 Nxf5 38. Bg4 Ne3+ 39. fxe3 Rd3 40.
Kf3 Rxa3 41. Bc8 a5 42. bxa5 b4 0-1